000
00205nam a22000857a 4500
008
170113b xxu||||| |||| 00| 0 eng d
100
_9
2377
_a
CBSE
245
_a
Lab Mathematics-X
260
_a
New Delhi
_b
CBSE
_c
2007
999
_c
5373
_d
5373